| 000 | 00725nam a2200205Ia 4500 | ||
|---|---|---|---|
| 999 |
_c38878 _d38878 |
||
| 001 | 5291 | ||
| 003 | GE_BSU | ||
| 005 | 20190619143438.0 | ||
| 008 | 181216s1973||||ge |||||||||||||| ||geo|| | ||
| 040 | _cGE_BSU | ||
| 041 | _ageo | ||
| 080 | _a7.01(09) ჯ-29 | ||
| 100 |
_aჯაში, ნ. _92598 |
||
| 245 |
_aესთეტიკის ნარკვევი / _cნ. ჯაში ; რედ. ა. ტყემალაძე |
||
| 264 |
_aთბილისი : _bხელოვნება, _c1973. |
||
| 300 |
_a351 გვ. ; _c22 სმ. |
||
| 653 | _aესთეტიკის ნარკვევი | ||
| 700 |
_aტყემალაძე, ა. _eრედაქტორი _92599 |
||
| 942 |
_cBK _2udc |
||